| 000 | 00705cam a2200217 a 4500 | ||
|---|---|---|---|
| 001 | 000020000 | ||
| 005 | 20200929170226.0 | ||
| 008 | 760325s1968 sp 000 0 spa d | ||
| 040 |
_aDO-SdBNP _bspa _cLC _dBNPHU |
||
| 050 | 0 | 0 |
_aBX2160 _b.P4 |
| 082 |
_ann* _bP393L, 1968 |
||
| 100 | 1 |
_aPemán, José María, _d1897-1981. _98191 |
|
| 245 | 1 | 0 |
_aLo que Maria guardaba en su corazón / _cJosé María Pemán. |
| 260 |
_aMadrid : _bRialp, _c1968. |
||
| 300 |
_a262 p. : _bil. ; _c24 cm. |
||
| 490 | 1 |
_aMaestros de la lengua castellana. _v2 |
|
| 600 | 0 | 0 |
_aMary, _cBlessed Virgin, Saint. _942599 |
| 830 | 0 |
_aMaestros de la lengua castellana. _v2 _942600 |
|
| 910 | _aCatalogación derivada / LC | ||
| 049 | _aBNGR | ||
| 999 |
_c19512 _d19512 |
||